000 02084nam0a2200373 4500
001 RU\NLR\BIBL_A\011331643
005 20250626043927.0
010 _a978-5-9614-6111-4
_93000
035 _a(NLR Aleph) 011331643
090 _a11137692
_c11137692
100 _a20170220a2017 |||y0rusy50 ca
101 1 _arus
_ceng
102 _aRU
105 _aa|||z|||000zy
200 1 _aФинтех
_eпутеводитель по новейшим финансовым технологиям
_e[сборник]
_eперевод с английского
_fСюзан Чишти, Янош Барберис
210 _aМосква
_cНациональный расчетный депозитарий Группа московская биржа
_cАльпина Паблишер
_d2017
215 _a342 с.
_cил., цв. ил.
_d19х25
300 _aЗагл. и ред. ориг.: The fintech book/ edited by Susanne Chishti Janos Barberis
320 _aБиблиогр. в подстроч. примеч.
327 1 _aКн. состоит из обзор. материалов, аналит. ст., лучших практик и историй успеха, написанных ведущими экспертами по инновациям, инвестициям и капитализации, а также руководителями крупнейших банков и финансовых платформ мира
333 _a0+
454 0 _12001#$aThe fintech book$fedited by Susanne Chishti Janos Barberis
_tThe fintech book
606 1 _aУслуги финансовые
_92187867
_3RU\NLR\AUTH\661315355
606 1 _aБанки
_xИнновационная деятельность
_92415241
_3RU\NLR\AUTH\661438725
686 1 _aУ26(0)22
686 1 _aУ26(0)23
686 1 _aУ26(0)210-55
700 1 _aЧишти
_bС.
_gСюзан
701 1 _aБарберис
_bЯ.
_gЯнош
942 _cBOOK
980 _aNB